| 000 | 00680nam a22002297a 4500 | ||
|---|---|---|---|
| 003 | 0 | ||
| 005 | 20260117152115.0 | ||
| 008 | 260117b xxu||||| |||| 00| 0 eng d | ||
| 020 | _a978-1-101-93378-7 | ||
| 050 |
_aER _bGo646 2017 |
||
| 082 |
_aER _bGo646 2017 |
||
| 100 | _aMcKellar, Danica | ||
| 245 |
_aGoodnight, numbers _cDanica McKellar |
||
| 260 |
_aNew York, NY : _bCrown Books for Young Readers, _c2017. |
||
| 300 |
_a28 pages : _bcolored illustrations ; _c27 cm. |
||
| 650 | _aStories in rhyme. | ||
| 650 |
_aNumbers, Natural _vFiction. |
||
| 650 |
_aCounting _vFiction. |
||
| 650 |
_aBedtime _vFiction. |
||
| 700 |
_aPadron, Alicia, _eillustrator. |
||
| 942 |
_2ddc _cBK |
||
| 999 |
_c368743 _d368743 |
||